000 00619nam a2200181 i 4500
001 86550
003 ES-MaACL
005 20230906175455.0
007 t|
008 041213s1922 fr ||||1| fre d
100 1 _aKeynes, John Maynard (
_d1883-1946)
_967979
245 1 0 _aNouvelles considerations sur les conséquences de la paix /
_cpar J. Maynard Keynes ; traduction Franck.
260 _aParis :
_b[s.n.],
_c1922 (
_eLagny :
_fE. Grevin)
300 _aVIII, 258 p. ;
_c19 cm.
630 0 4 _aTratado de Versalles (
_d1919)
_9155228
650 0 4 _aHistoria económica-
_y1918-1945.
_913404
852 _aES-MaACL
_jG-15301
999 _c86550
_d86550